Trademarks That Have Become Generic Terms Quiz Stats

 Plays Quiz not verified by Sporcle

Score 0/30 Timer 10:00
0 Plays Today
Hints Brands % Correct
Moving staircaseEscalator
80.2%
Sticky notesPost-it
79.8%
Adhesive bandageBand-Aid
78.4%
Facial tissueKleenex
76.2%
Lip balmChapStick
71.1%
Flying discsFrisbee
70.3%
PhotocopierXerox
69.7%
DrinkCoke
68.1%
Clear adhesive tapeScotch tape
65.5%
Petroleum jellyVaseline
64.9%
Whirlpool bathJacuzzi
61.5%
Electroshock weaponTaser
59.7%
DrugAspirin
56.5%
Personal stereoWalkman
56.1%
Instant filmPolaroid
55.7%
Hints Brands % Correct
Inline skatesRollerblade
54.9%
Construction SetLego
47.1%
Personal watercraftJet Ski
46.5%
Hook-and-loop fastenerVelcro
42.3%
Cowboy hatStetson
41.3%
RevolverColt
40.5%
Compact sport utility vehicleJeep
39.3%
Asphalt road surfaceTarmac
23.6%
Logistics services companyFedEx
23.4%
RefrigeratorFrigidaire
14.8%
Transparent filmCellophane
14.4%
GlasswarePyrex
12.8%
Rebound tumblerTrampoline
9%
Synthetic fibreLycra
8.6%
Storage deviceMemory Stick
5%

You're not logged in!

Compare scores with friends on all Sporcle quizzes.
OR
Log In

Show Comments

Extras

Top Quizzes Today


Score Distribution

Your Account Isn't Verified!

In order to create a playlist on Sporcle, you need to verify the email address you used during registration. Go to your Sporcle Settings to finish the process.

Report this User

Report this user for behavior that violates our Community Guidelines.

Details: